| Поле | Название | Значение |
| |
Тип записи |
a |
| |
Библиографический уровень |
m |
| 001 |
Контрольный номер |
RU/URAIT/584045 |
| 005 |
Дата корректировки |
20260429163617.3 |
| 008 |
Кодируемые данные |
260429s2026 RU y f j 000 0 rus u |
| 020 |
Индекс ISBN |
__ |
| a |
ISBN |
978-5-9916-7154-5 |
| c |
Цена, тираж |
1379.00 |
| 040 |
Источник каталогиз. |
__ |
| a |
Служба первич. каталог. |
ИКО Юрайт |
| c |
Служба, преобразующая запись |
ИКО Юрайт |
| e |
Правила каталог. |
RCR |
| 041 |
Код языка издания |
__ |
| a |
Код языка текста |
rus |
| 044 |
Код страны публикации |
__ |
| a |
Код страны публикации |
RU |
| 080 |
Индекс УДК |
__ |
| a |
Индекс УДК |
621.384(075.8) |
| 084 |
Индекс другой классификации/Индекс ББК |
__ |
| 2 |
Источник индекса |
rubbk |
| a |
Индекс другой классификации/Индекс ББК |
32.85я73 |
| 100 |
Автор |
__ |
| a |
Автор |
Сигов А. С. |
| q |
Полное имя |
Сигов Александр Сергеевич |
| 245 |
Заглавие |
__ |
| a |
Заглавие |
Основы конструирования и технологии производства радиоэлектронных средств. Электронные радиационные технологии |
| b |
Продолж. заглавия |
учебник для вузов |
| c |
Ответственность |
А. С. Сигов, В. И. Иванов, П. А. Лучников, А. П. Суржиков ; под редакцией А. С. Сигова. |
| 256 |
Характеристики компьютерного файла |
__ |
| a |
Характеристики компьютерного файла |
Электрон. дан. |
| 260 |
Выходные данные |
__ |
| a |
Место издания |
Москва |
| b |
Издательство |
Юрайт |
| c |
Дата издания |
2026 |
| 300 |
Физическое описание |
__ |
| a |
Объем |
321 с |
| 440 |
Серия |
__ |
| a |
Серия |
Высшее образование |
| 500 |
Примечания |
__ |
| a |
Примечание |
URL: https://urait.ru/bcode/584045 (дата обращения: 29.04.2026). |
| 520 |
Аннотация |
__ |
| a |
Аннотация |
В книге рассматриваются технологические процессы в производстве элементов и устройств радиоэлектронной аппаратуры (РЭА) — электронных проборов, полупроводниковых и гибридных микросхем, антенных устройств, функциональных и защитных покрытий и других, где в качестве основного инструмента используются потоки ускоренных электронов и гамма-излучения. Рассмотрено технологическое оборудование и оснастка, включая генерирование, ускорение и фокусировку данных видов ионизирующих излучений. Учебник предназначен для студентов вузов, обучающихся по специальностям «Проектирование и технология электронных устройств», «Проектирование и технология радиоэлектронных средств», «Конструирование и технология радиоэлектронных стредств» и «Электронные приборы», может быть полезным для студентов других специальностей и специалистов в области радиотехники. |
| 538 |
Прим. о системных особенностях |
__ |
| a |
Прим. о системных особенностях |
Режим доступа: Электронно-библиотечная система Юрайт, для авториз. пользователей |
| 653 |
Ключевые слова |
__ |
| a |
Ключевые слова |
Электротехника, электроника, телекоммуникации |
| 653 |
Ключевые слова |
__ |
| a |
Ключевые слова |
Технические науки |
| 653 |
Ключевые слова |
__ |
| a |
Ключевые слова |
Основы радиоэлектроники |
| 653 |
Ключевые слова |
__ |
| a |
Ключевые слова |
Радиотехнические системы |
| 653 |
Ключевые слова |
__ |
| a |
Ключевые слова |
Основы радиотехники |
| 653 |
Ключевые слова |
__ |
| a |
Ключевые слова |
Электротехника и радиотехника |
| 653 |
Ключевые слова |
__ |
| a |
Ключевые слова |
Основы электротехники и радиотехники |
| 653 |
Ключевые слова |
__ |
| a |
Ключевые слова |
Основы конструирования и технологии производства радиоэлектронных средств |
| 653 |
Ключевые слова |
__ |
| a |
Ключевые слова |
Радиоэлектроника |
| 653 |
Ключевые слова |
__ |
| a |
Ключевые слова |
Общая электротехника и радиотехника |
| 653 |
Ключевые слова |
__ |
| a |
Ключевые слова |
Основы организации производства радиотехнических систем |
| 653 |
Ключевые слова |
__ |
| a |
Ключевые слова |
Радиотехника |
| 653 |
Ключевые слова |
__ |
| a |
Ключевые слова |
Основы конструирования и технологии производства РЭС |
| 653 |
Ключевые слова |
__ |
| a |
Ключевые слова |
Радиационные технологии в наносистемах |
| 653 |
Ключевые слова |
__ |
| a |
Ключевые слова |
Конструирование и технология интегральных микросхем |
| 653 |
Ключевые слова |
__ |
| a |
Ключевые слова |
Электрические приводы для микро- и наносистемной техники |
| 653 |
Ключевые слова |
__ |
| a |
Ключевые слова |
Материалы радиоэлектронных средств и изделий микроэлектроники |
| 653 |
Ключевые слова |
__ |
| a |
Ключевые слова |
Техническая диагностика радиоэлектронных средств и изделий микроэлектроники |
| 653 |
Ключевые слова |
__ |
| a |
Ключевые слова |
Технология производства радиоэлектронных средств и изделий микроэлектроники |
| 653 |
Ключевые слова |
__ |
| a |
Ключевые слова |
Основы микроэлектронной реализации радиотехнических устройств |
| 653 |
Ключевые слова |
__ |
| a |
Ключевые слова |
Схемотехника современных устройств радиотехники |
| 653 |
Ключевые слова |
__ |
| a |
Ключевые слова |
Оксидные радиоэлектронные материалы |
| 653 |
Ключевые слова |
__ |
| a |
Ключевые слова |
Введение в радиотехнику |
| 653 |
Ключевые слова |
__ |
| a |
Ключевые слова |
Электротехнические материалы и радиотехнические компоненты |
| 653 |
Ключевые слова |
__ |
| a |
Ключевые слова |
Конструирование полупроводниковых преобразователей интеллектуальных энергетических систем |
| 653 |
Ключевые слова |
__ |
| a |
Ключевые слова |
Радиационные технологии в электронике |
| 653 |
Ключевые слова |
__ |
| a |
Ключевые слова |
Теоретические основы радиоэлектроники |
| 653 |
Ключевые слова |
__ |
| a |
Ключевые слова |
Микропроцессоры в радиотехнике |
| 653 |
Ключевые слова |
__ |
| a |
Ключевые слова |
Введение в радиоэлектронику |
| 653 |
Ключевые слова |
__ |
| a |
Ключевые слова |
Радиотехнические системы и комплексы специального назначения |
| 653 |
Ключевые слова |
__ |
| a |
Ключевые слова |
Современная радиоэлектроника |
| 653 |
Ключевые слова |
__ |
| a |
Ключевые слова |
Физические основы устройств радиотехники и микроэлектроники |
| 653 |
Ключевые слова |
__ |
| a |
Ключевые слова |
Основы конструирования и надежности радиоэлектронных средств |
| 653 |
Ключевые слова |
__ |
| a |
Ключевые слова |
Основы технологии производства радиоэлектронных средств |
| 653 |
Ключевые слова |
__ |
| a |
Ключевые слова |
Основы плазменных и радиационных технологий |
| 700 |
Другие авторы |
__ |
| a |
Другие авторы |
Иванов В. И. |
| q |
Полное имя |
Иванов Владимир Иванович |
| 700 |
Другие авторы |
__ |
| a |
Другие авторы |
Лучников П. А. |
| q |
Полное имя |
Лучников Петр Александрович |
| 700 |
Другие авторы |
__ |
| a |
Другие авторы |
Суржиков А. П. |
| q |
Полное имя |
Суржиков Анатолий Петрович |
| 856 |
Электронный адрес документа |
40 |
| n |
Местонахождение сервера |
Юрайт |
| g |
|
Электронная книга |
| q |
Тип электронного формата |
html |
| h |
Имя пользователя |
ЮРАЙТ |
| v |
Часы доступа к ресурсу |
20271231 |
| 2 |
Способ доступа |
Показать документ |
| x |
Служебное примечание |
https://urait.ru/book/cover/3FDFF5EE-372B-4CA1-BBC1-E360E482E19F |
| u |
URL |
https://urait.ru/bcode/584045 |
| 856 |
Электронный адрес документа |
48 |
| q |
Тип электронного формата |
cover |
| u |
URL |
https://urait.ru/book/cover/3FDFF5EE-372B-4CA1-BBC1-E360E482E19F |
| 911 |
|
__ |
| u |
|
0030=https://urait.ru/bcode/584045 |
| 911 |
|
__ |
| u |
|
073a=9785991671545 |
| u |
|
073d=1379.00 |
| 911 |
|
__ |
| u |
|
106a=s |
| 911 |
|
__ |
| u |
|
900l= |
| 952 |
Тип литературы |
__ |
| i |
Дисциплина |
Основы радиоэлектроники |
| 952 |
Тип литературы |
__ |
| i |
Дисциплина |
Радиотехнические системы |
| 952 |
Тип литературы |
__ |
| i |
Дисциплина |
Основы радиотехники |
| 952 |
Тип литературы |
__ |
| i |
Дисциплина |
Электротехника и радиотехника |
| 952 |
Тип литературы |
__ |
| i |
Дисциплина |
Основы электротехники и радиотехники |
| 952 |
Тип литературы |
__ |
| i |
Дисциплина |
Основы конструирования и технологии производства радиоэлектронных средств |
| 952 |
Тип литературы |
__ |
| i |
Дисциплина |
Радиоэлектроника |
| 952 |
Тип литературы |
__ |
| i |
Дисциплина |
Общая электротехника и радиотехника |
| 952 |
Тип литературы |
__ |
| i |
Дисциплина |
Основы организации производства радиотехнических систем |
| 952 |
Тип литературы |
__ |
| i |
Дисциплина |
Радиотехника |
| 952 |
Тип литературы |
__ |
| i |
Дисциплина |
Основы конструирования и технологии производства РЭС |
| 952 |
Тип литературы |
__ |
| i |
Дисциплина |
Радиационные технологии в наносистемах |
| 952 |
Тип литературы |
__ |
| i |
Дисциплина |
Конструирование и технология интегральных микросхем |
| 952 |
Тип литературы |
__ |
| i |
Дисциплина |
Электрические приводы для микро- и наносистемной техники |
| 952 |
Тип литературы |
__ |
| i |
Дисциплина |
Материалы радиоэлектронных средств и изделий микроэлектроники |
| 952 |
Тип литературы |
__ |
| i |
Дисциплина |
Техническая диагностика радиоэлектронных средств и изделий микроэлектроники |
| 952 |
Тип литературы |
__ |
| i |
Дисциплина |
Технология производства радиоэлектронных средств и изделий микроэлектроники |
| 952 |
Тип литературы |
__ |
| i |
Дисциплина |
Основы микроэлектронной реализации радиотехнических устройств |
| 952 |
Тип литературы |
__ |
| i |
Дисциплина |
Схемотехника современных устройств радиотехники |
| 952 |
Тип литературы |
__ |
| i |
Дисциплина |
Оксидные радиоэлектронные материалы |
| 952 |
Тип литературы |
__ |
| i |
Дисциплина |
Введение в радиотехнику |
| 952 |
Тип литературы |
__ |
| i |
Дисциплина |
Электротехнические материалы и радиотехнические компоненты |
| 952 |
Тип литературы |
__ |
| i |
Дисциплина |
Конструирование полупроводниковых преобразователей интеллектуальных энергетических систем |
| 952 |
Тип литературы |
__ |
| i |
Дисциплина |
Радиационные технологии в электронике |
| 952 |
Тип литературы |
__ |
| i |
Дисциплина |
Теоретические основы радиоэлектроники |
| 952 |
Тип литературы |
__ |
| i |
Дисциплина |
Микропроцессоры в радиотехнике |
| 952 |
Тип литературы |
__ |
| i |
Дисциплина |
Введение в радиоэлектронику |
| 952 |
Тип литературы |
__ |
| i |
Дисциплина |
Радиотехнические системы и комплексы специального назначения |
| 952 |
Тип литературы |
__ |
| i |
Дисциплина |
Современная радиоэлектроника |
| 952 |
Тип литературы |
__ |
| i |
Дисциплина |
Физические основы устройств радиотехники и микроэлектроники |
| 952 |
Тип литературы |
__ |
| i |
Дисциплина |
Основы конструирования и надежности радиоэлектронных средств |
| 952 |
Тип литературы |
__ |
| i |
Дисциплина |
Основы технологии производства радиоэлектронных средств |
| 952 |
Тип литературы |
__ |
| i |
Дисциплина |
Основы плазменных и радиационных технологий |